El contrato de alimentos

Bibliographic Details
Main Author: Berenguer Albaladejo, Cristina
Format: eBook
Language:Spanish
Published: Madrid: Dykinson, 2013
Subjects:
Online Access:Acceso restringido

MARC

LEADER 00000nam a22000007a 4500
005 20140603211149.0
007 cr|||| ||||
008 140603s2013 es |||||s|||| 00||0 spa d
020 |a 978-84-9031-453-1 
035 |a 12189 
040 |a vLex 
090 |c 4984  |d 4984 
100 1 |a Berenguer Albaladejo, Cristina 
245 1 3 |a El contrato de alimentos  |h [Recurso electrn̤ico] /  |c Cristina Berenguer Albaladejo 
256 |a Servicio en ln̕ea 
260 |a Madrid:  |b Dykinson,  |c 2013 
300 |a 1 recurso electrn̤ico 
506 1 |a Disponible solo en los productos indicados  |d vLex Global  |d vLex Global (Academic Edition, excluding Law Schools)  |d vLex Global (U.S. Academic Edition, Law Schools)  |d vLex Global (U.S. Academic Edition, excluding Law Schools)  |d vLex Global (Academic Edition, Law Schools) 
650 0 4 |a Derecho Civil  |z Espaą 
740 0 |a vLex Libros (Servicio en ln̕ea) 
856 4 0 |u http://vlex.com/source/contrato-alimentos-12189  |z Acceso restringido 
942 |c BOOK 
999 0 |a Civil Law